The United States and China / (Record no. 46145)
[ view plain ]
| 000 -LEADER | |
|---|---|
| fixed length control field | 00926nam a2200277 a 4500 |
| 001 - CONTROL NUMBER | |
| control field | 46145 |
| 003 - CONTROL NUMBER IDENTIFIER | |
| rucl marc code | BD-RjUL |
| 005 - DATE AND TIME OF LATEST TRANSACTION | |
| control field | 20211209054119.0 |
| 008 - FIXED-LENGTH DATA ELEMENTS--GENERAL INFORMATION | |
| fixed length control field | 160731s1978 maub b 000 0 eng |
| 035 ## - SYSTEM CONTROL NUMBER | |
| System control number | (BD-RjUL)46263 |
| 040 ## - CATALOGING SOURCE | |
| Original cataloging agency | DLC |
| Transcribing agency | MRC |
| Modifying agency | OCL |
| -- | SER |
| -- | BD-RjUL |
| Language of cataloging | eng |
| 041 ## - LANGUAGE CODE | |
| Language code of text/sound track or separate title | eng |
| 082 ## - DEWEY DECIMAL CLASSIFICATION NUMBER | |
| Classification number | 327.51073 |
| Edition number | 23 |
| Author mark and year | FAU 1976 |
| 100 1# - MAIN ENTRY--PERSONAL NAME | |
| Personal name | Fairbank, John King |
| Dates associated with a name | 1907-1991. |
| 9 (RLIN) | 129634 |
| 245 14 - TITLE STATEMENT | |
| Title | The United States and China / |
| Statement of responsibility, etc. | John King Fairbank |
| 260 ## - PUBLICATION, DISTRIBUTION, ETC. (IMPRINT) | |
| Place of publication, distribution, etc. | Cambridge : |
| Name of publisher, distributor, etc. | Harvard Univ. Press, |
| Date of publication, distribution, etc. | 1978 |
| 300 ## - PHYSICAL DESCRIPTION | |
| Pagination | xiv, 384 p. : |
| Illustrations | ill. ; |
| Size | 20 cm. |
| 490 1# - SERIES STATEMENT | |
| Series statement | The American foreign policy library |
| 504 ## - BIBLIOGRAPHY, ETC. NOTE | |
| Bibliography, etc | Includes bibliographical references. |
| 651 #0 - SUBJECT ADDED ENTRY--GEOGRAPHIC NAME | |
| Geographic name | China |
| General subdivision | History. |
| 9 (RLIN) | 129635 |
| Geographic name | United States |
| General subdivision | Foreign relations |
| Geographic subdivision | China. |
| 9 (RLIN) | 129170 |
| Geographic name | China |
| General subdivision | Foreign relations |
| Geographic subdivision | United States. |
| 9 (RLIN) | 129171 |
| 830 #0 - SERIES ADDED ENTRY--UNIFORM TITLE | |
| Uniform title | American foreign policy library. |
| 942 ## - ADDED ENTRY ELEMENTS (KOHA) | |
| Source of classification or shelving scheme | Dewey Decimal Classification |
| Koha item type | Books |
| Lost status | Source of classification or shelving scheme | Damaged status | Not for loan | Collection code | Permanent Location | Current Location | Shelving location | Date acquired | Source of acquisition | Total Checkouts | Full call number | Date last seen | Copy number | Koha item type |
|---|---|---|---|---|---|---|---|---|---|---|---|---|---|---|
| Dewey Decimal Classification | Non-fiction | Central Library, University of Rajshahi | Central Library, University of Rajshahi | 03/09/1985 | Asia Foundation | 327.51073 FAU 1976 | 31/07/2016 | C-2 | Books |